MATHEMATICS MODELS / (Record no. 198578)

MARC details
000 -LEADER
fixed length control field 00549nam a22001817a 4500
005 - DATE AND TIME OF LATEST TRANSACTION
control field 20231114124103.0
010 ## - LCCN (DPL NO)
LC control number B-755833
020 ## - INTERNATIONAL STANDARD BOOK NUMBER
International Standard Book Number 9789384340100
Terms of availability 750.00
035 ## - SYSTEM CONTROL NUMBER
System control number B-755833
082 ## - DEWEY DECIMAL CLASSIFICATION NUMBER
Edition number 2022
Classification number 510
Item number 1
100 ## - MAIN ENTRY--PERSONAL NAME
Personal name DUBEY C.M.
245 ## - TITLE STATEMENT
Title MATHEMATICS MODELS /
Statement of responsibility, etc C.M. DUBEY
260 ## - PUBLICATION, DISTRIBUTION, ETC. (IMPRINT)
Place of publication, distribution, etc DELHI
Name of publisher, distributor, etc YOGI PUBLICATION
Date of publication, distribution, etc 2022
270 ## - ADDRESS
Address 77/1, EAST AZAD NAGAR ,
City DELHI
Postal code 110051
300 ## - PHYSICAL DESCRIPTION
Extent 144P.
Other physical details 21CM(HB)
942 ## - ADDED ENTRY ELEMENTS (KOHA)
Source of classification or shelving scheme Dewey Decimal Classification
Item type English Books
Edition 2022
Classification part 510
Call number suffix BEY
Holdings
Withdrawn status Lost status Not for loan Collection code Home library Current library Date acquired Source of acquisition Cost, normal purchase price Full call number Barcode Copy number Cost, replacement price Koha item type
      Fiction Ashok Vihar Ashok Vihar 27/09/2023 उपहार/4.9.23 750.00 510 BEY B-755833 1 750.00 English Books

© Delhi Public Library
Hit Counter
free hit counter